Colombia Departments Capital Cities Quiz - Statistics

General Stats
  • This quiz has been taken 3,214 times
    3,212 since last reset
  • The average score is 21 of 32
Answer Stats
Hint Answer % Correct
Antioquia Medellín
97%
Cundinamarca Bogotá
91%
Atlántico Barranquilla
90%
Bolívar Cartagena
86%
Amazonas Leticia
85%
Valle del Cauca Cali
80%
Caldas Manizales
76%
Arauca Arauca
75%
Nariño Pasto
75%
Magdalena Santa Marta
74%
Boyacá Tunja
72%
Chocó Quibdó
70%
Santander Bucaramanga
68%
Norte de Santander Cúcuta
67%
Risaralda Pereira
67%
Huila Neiva
66%
Cesar Valledupar
66%
San Andrés y Providencia San Andrés
65%
Quindío Armenia
63%
Córdoba Montería
63%
Cauca Popayán
63%
Meta Villavicencio
63%
Tolima Ibagué
61%
La Guajira Riohacha
59%
Caquetá Florencia
55%
Casanare Yopal
54%
Sucre Sincelejo
50%
Guaviare San José del Guaviare
47%
Vaupés Mitú
46%
Putumayo Mocoa
44%
Guainía Inírida
40%
Vichada Puerto Carreño
38%
No matching quizzes found
Score Distribution
Percent of People with Each Score
Percentile by Number Answered
Your Score History
You have not taken this quiz since the last reset